000 00277nam a22001217a 4500
008 170511b xxu||||| |||| 00| 0 eng d
041 _aeng
080 _a34
100 _a15
101 _aSHJ
245 _aSANCTIONS IN THE MEMEBER STATES
_cKALMTHOU.A.M
942 _2udc
_cBK
999 _c13106
_d13106